000 00716nam a2200229 a 4500
001 000033026
005 20240412074256.0
008 110808s1986 dr 000 p spa d
040 _aDO-SdBNP
_bspa
_cBNPD
082 _aRD861.44
_bG643d
100 1 _aGonzález, Chico
_958732
245 1 0 _aDelirios de un náufrago /
_cChico González ; prólogo León David.
260 _aSanto Domingo :
_bBúho,
_c1986.
300 _a28 p. ;
_c22 cm.
490 1 _aEl vecindario
590 _aInventariado, 2018/LP
650 0 _aPoesía dominicana
_966
650 0 _aLiteratura dominicana.
_967
700 1 2 _aLeón David
_d1945-
_epról.
_984930
830 0 _aEl vecindario
_958733
910 _aValidado. Control de calidad MFF
999 _c32517
_d32517